[Event "4NCL Division 1b"]
[Site "Telford, ENG"]
[Date "2017.11.11"]
[Round "1.78"]
[White "Roy, Ali"]
[Black "Bullen, Alex"]
[Result "0-1"]
[WhiteElo "1914"]
[BlackElo "2148"]
[PlyCount "100"]
[EventDate "2017.11.11"]
[WhiteTeam "Alba"]
[BlackTeam "West is Best 1"]

1. Nf3 d5 2. g3 Nf6 3. Bg2 c6 4. O-O Nbd7 5. d3 e5 6. Nbd2 Bd6 7. e4 O-O 8. Re1
Re8 9. c3 Qc7 10. d4 dxe4 11. Nxe4 Nxe4 12. Rxe4 Nf6 13. Re1 Bg4 14. dxe5 Bxe5
15. Qc2 Bd6 16. Bg5 Nd7 17. Nd4 Qa5 18. Qd2 Ne5 19. b4 Qc7 20. a4 f6 21. Bf4
Rad8 22. Qa2+ Qf7 23. Qxf7+ Kxf7 24. b5 c5 25. Bd5+ Kf8 26. Nc2 Nf3+ 27. Bxf3
Bxf3 28. Rxe8+ Kxe8 29. Bxd6 Rxd6 30. Ne3 Rd3 31. Rc1 Kf7 32. h4 Rd2 33. Ra1
Rb2 34. c4 Ke6 35. Kf1 Ke5 36. a5 Kd4 37. Ke1 g6 38. Rc1 Ra2 39. a6 bxa6 40.
bxa6 Rxa6 41. Kd2 Ra2+ 42. Rc2 Rxc2+ 43. Kxc2 Be4+ 44. Kd2 f5 45. f4 Bd3 46. g4
fxg4 47. Nxg4 Bxc4 48. Nf6 h5 49. f5 Bd3 50. fxg6 Bxg6 0-1

[Event "4NCL Division 1b"]
[Site "Telford, ENG"]
[Date "2017.11.11"]
[Round "1.81"]
[White "Hill, Alistair"]
[Black "Gormally, Daniel W"]
[Result "0-1"]
[WhiteElo "2186"]
[BlackElo "2474"]
[PlyCount "94"]
[EventDate "2017.11.11"]
[WhiteTeam "Cambridge University 1"]
[BlackTeam "Blackthorne Russia"]

1. e4 c5 2. Nf3 d6 3. Bb5+ Nd7 4. d4 Ngf6 5. Nc3 cxd4 6. Qxd4 e5 7. Qd3 h6 8.
Be3 Be7 9. Bc4 a6 10. a4 Qa5 11. Nd2 Nc5 12. Bxc5 Qxc5 13. Nd5 Nxd5 14. Qxd5
Qxd5 15. Bxd5 Rb8 16. Nc4 b6 17. O-O O-O 18. Rfd1 Kh8 19. Ra3 Bg4 20. Rd2 Bd7
21. a5 b5 22. Nb6 Be8 23. Rad3 f5 24. exf5 Rxf5 25. Be6 Rf6 26. Bc8 Bd8 27.
Bxa6 Bxb6 28. axb6 Rxb6 29. Bc8 b4 30. Bg4 Bg6 31. Rf3 Rc6 32. c3 Rxf3 33. Bxf3
e4 34. Be2 bxc3 35. bxc3 Kg8 36. h3 Kf7 37. Bb5 Rc5 38. c4 Ke6 39. Ra2 Ke5 40.
Ra8 Bf7 41. Ra4 d5 42. Ra7 dxc4 43. Ba4 Bd5 44. Bc2 Rb5 45. Rxg7 Rb2 46. Ba4
Ra2 47. Re7+ Kd4 0-1

[Event "4NCL Division 1b"]
[Site "Telford, ENG"]
[Date "2017.11.11"]
[Round "1.82"]
[White "Bates, Richard A"]
[Black "Nettleton, Charlie B"]
[Result "1-0"]
[WhiteElo "2397"]
[BlackElo "2177"]
[PlyCount "69"]
[EventDate "2017.11.11"]
[WhiteTeam "Blackthorne Russia"]
[BlackTeam "Cambridge University 1"]

1. d4 d6 2. g3 Nf6 3. Nf3 c6 4. Bg2 g6 5. O-O Bg7 6. c4 O-O 7. Nc3 Qa5 8. e4
Bg4 9. h3 Bxf3 10. Qxf3 Nbd7 11. Rd1 c5 12. d5 Nb6 13. Qe2 Nfd7 14. Nb5 Na4 15.
Qc2 a6 16. Bd2 Qd8 17. Qxa4 axb5 18. Qxb5 Ra6 19. Bc3 Qc7 20. Bxg7 Kxg7 21. Qb3
Rfa8 22. Qc3+ Kg8 23. a3 Nb6 24. Re1 Na4 25. Qc2 Qa5 26. b3 Nb6 27. e5 Nc8 28.
e6 f6 29. Be4 f5 30. Bxf5 gxf5 31. Qxf5 Qd8 32. Re4 Kh8 33. Rh4 Qg8 34. Rg4 Qe8
35. Qf3 1-0

[Event "4NCL Division 1b"]
[Site "Telford, ENG"]
[Date "2017.11.11"]
[Round "1.83"]
[White "Stanisz, Patryk"]
[Black "Ledger, Andrew J"]
[Result "0-1"]
[WhiteElo "2139"]
[BlackElo "2363"]
[PlyCount "64"]
[EventDate "2017.11.11"]
[WhiteTeam "Cambridge University 1"]
[BlackTeam "Blackthorne Russia"]

1. d4 Nf6 2. c4 g6 3. Nc3 d5 4. Nf3 Bg7 5. Qb3 dxc4 6. Qxc4 O-O 7. Bf4 c6 8. e4
b5 9. Qd3 Qa5 10. Nd2 Be6 11. Be2 b4 12. Nd1 Rd8 13. O-O Nh5 14. Bxh5 Rxd4 15.
Qg3 Qxh5 16. Bxb8 Rxd2 17. Bf4 Rd7 18. a3 Rad8 19. Bc7 Rxd1 20. Bxd8 Rxd8 21.
axb4 Bxb2 22. Rab1 Bc4 23. Rfe1 Be5 24. f4 Rd3 25. Qg5 Qxg5 26. fxg5 Bf4 27.
Red1 Bxg5 28. Rxd3 Bxd3 29. Ra1 Bxe4 30. Kf2 Bf6 31. Ra2 Bd4+ 32. Kg3 e5 0-1

[Event "4NCL Division 1b"]
[Site "Telford, ENG"]
[Date "2017.11.11"]
[Round "1.84"]
[White "Hunt, Harriet V"]
[Black "Spencer, Carl J"]
[Result "1/2-1/2"]
[WhiteElo "2440"]
[BlackElo "2138"]
[PlyCount "133"]
[EventDate "2017.11.11"]
[WhiteTeam "Blackthorne Russia"]
[BlackTeam "Cambridge University 1"]

1. e4 e5 2. Nf3 Nc6 3. Bb5 Nf6 4. d3 d6 5. c3 Be7 6. O-O O-O 7. Re1 a6 8. Ba4
b5 9. Bc2 d5 10. Qe2 dxe4 11. dxe4 Be6 12. Nbd2 Qc8 13. a4 b4 14. Nc4 Bxc4 15.
Qxc4 Na5 16. Qe2 Qe6 17. Bd2 c5 18. Nh4 b3 19. Bd1 g6 20. Bh6 Rfd8 21. g3 c4
22. Qf3 Nb7 23. Ng2 Nc5 24. Bg5 Nd3 25. Re2 h6 26. Bxf6 Qxf6 27. Qxf6 Bxf6 28.
Ne3 Rac8 29. Nd5 Kg7 30. h4 g5 31. h5 g4 32. Rd2 Bg5 33. Rxd3 cxd3 34. Bxg4 Rc4
35. Bf5 d2 36. Rd1 Rxa4 37. f4 exf4 38. gxf4 Rxd5 39. exd5 Bxf4 40. d6 Kf6 41.
d7 Ke7 42. Kf2 Ra2 43. Ke2 Rxb2 44. Rg1 Bg5 45. Rg4 d1=Q+ 46. Kxd1 Rd2+ 47. Ke1
Rd5 48. Re4+ Kf8 49. Bh3 b2 50. Re8+ Kg7 51. Rb8 Bd2+ 52. Ke2 Bxc3 53. Ke3 Bf6
54. Bg4 a5 55. Ke4 Rd4+ 56. Kf3 a4 57. Rxb2 Rd3+ 58. Ke4 Bxb2 59. Kxd3 Bf6 60.
Bd1 a3 61. Bb3 Kf8 62. Ke4 Ke7 63. Kf5 Bg5 64. d8=Q+ Kxd8 65. Bxf7 Ke7 66. Ba2
Kd6 67. Ke4 1/2-1/2

[Event "4NCL Division 1b"]
[Site "Telford, ENG"]
[Date "2017.11.11"]
[Round "1.85"]
[White "Beckett, Chris J"]
[Black "Duncan, Chris R"]
[Result "1/2-1/2"]
[WhiteElo "2126"]
[BlackElo "2253"]
[PlyCount "30"]
[EventDate "2017.11.11"]
[WhiteTeam "Cambridge University 1"]
[BlackTeam "Blackthorne Russia"]

1. d4 d5 2. c4 c6 3. Nf3 Nf6 4. e3 Bf5 5. Bd3 Bg6 6. O-O e6 7. Qc2 Bd6 8. Nbd2
O-O 9. Bxg6 hxg6 10. e4 dxe4 11. Nxe4 Nxe4 12. Qxe4 Nd7 13. Bg5 Be7 14. Bxe7
Qxe7 15. Rfd1 Rad8 1/2-1/2

[Event "4NCL Division 1b"]
[Site "Telford, ENG"]
[Date "2017.11.11"]
[Round "1.86"]
[White "Ledger, Dave J"]
[Black "Robertson, J Stuart"]
[Result "1/2-1/2"]
[WhiteElo "2219"]
[BlackElo "2119"]
[PlyCount "86"]
[EventDate "2017.11.11"]
[WhiteTeam "Blackthorne Russia"]
[BlackTeam "Cambridge University 1"]

1. e4 c5 2. Nf3 Nc6 3. d4 cxd4 4. Nxd4 Nf6 5. Nc3 e5 6. Ndb5 d6 7. Bg5 a6 8.
Na3 b5 9. Nd5 Be7 10. Bxf6 Bxf6 11. c4 Nd4 12. Nc2 Bg4 13. Qb1 bxc4 14. Bxc4
Rc8 15. Bd3 Nxc2+ 16. Bxc2 O-O 17. O-O Bg5 18. Bd3 a5 19. b4 Be6 20. bxa5 Qxa5
21. Qb4 Qxb4 22. Nxb4 Bd2 23. a3 Rc5 24. Rfd1 Bc3 25. Rab1 Ra5 26. Nc2 g6 27.
Rb6 d5 28. exd5 Bxd5 29. Rb5 Rxb5 30. Bxb5 Bb3 31. Rd3 Rc8 32. Ne3 e4 33. Rd7
Bb2 34. a4 Rc1+ 35. Nf1 Ra1 36. Re7 Bxa4 37. Bxa4 Rxa4 38. g4 Kf8 39. Rd7 Bc1
40. h3 Bf4 41. Kg2 Ke8 42. Rb7 Ra2 43. Rb4 Re2 1/2-1/2

[Event "4NCL Division 1b"]
[Site "Telford, ENG"]
[Date "2017.11.11"]
[Round "1.87"]
[White "Starley, Robert"]
[Black "Eames, Robert S"]
[Result "1-0"]
[WhiteElo "2067"]
[BlackElo "2167"]
[PlyCount "103"]
[EventDate "2017.11.11"]
[WhiteTeam "Cambridge University 1"]
[BlackTeam "Blackthorne Russia"]

1. e4 d6 2. d4 Nf6 3. Nc3 g6 4. Nf3 Bg7 5. Bg5 c6 6. Bd3 O-O 7. Qd2 Bg4 8. Qf4
Bxf3 9. Qxf3 Qb6 10. Ne2 Qxb2 11. O-O Qb6 12. Rab1 Qc7 13. Rfe1 Nbd7 14. c4
Rab8 15. Nc3 a6 16. Qg3 Nh5 17. Qe3 e5 18. d5 Nc5 19. Be2 Nf4 20. Bf1 f5 21. g3
Nh5 22. exf5 gxf5 23. Qf3 e4 24. Nxe4 fxe4 25. Qxh5 cxd5 26. cxd5 Rf5 27. Qg4
Qf7 28. Bf4 Rd8 29. Rb6 h5 30. Qd1 Be5 31. Be3 Bc3 32. Re2 Rxd5 33. Qc2 Bd4 34.
Rd2 Bxe3 35. Rxd5 Nd3 36. Rbxd6 Bxf2+ 37. Kh1 Rxd6 38. Rxd6 Bc5 39. Rd8+ Kg7
40. Qe2 Nf2+ 41. Kg2 Ng4 42. Rc8 Bd4 43. Rc1 Ne3+ 44. Kh1 h4 45. gxh4 Qf4 46.
Bh3 Qxh4 47. Rg1+ Kh6 48. Rg3 Qf4 49. Qd2 Bc5 50. Qd8 Bf8 51. Qb6+ Bd6 52. Qxe3
1-0

[Event "4NCL Division 1b"]
[Site "Telford, ENG"]
[Date "2017.11.11"]
[Round "1.88"]
[White "Ledger, Stephen C"]
[Black "Smithies, Olivia"]
[Result "1-0"]
[WhiteElo "2041"]
[BlackElo "1525"]
[PlyCount "63"]
[EventDate "2017.11.11"]
[WhiteTeam "Blackthorne Russia"]
[BlackTeam "Cambridge University 1"]

1. d4 d5 2. Nf3 Nf6 3. Bf4 c5 4. e3 Nc6 5. c3 Qb6 6. Qb3 c4 7. Qc2 Bf5 8. Qc1
e6 9. Nbd2 Be7 10. h3 h6 11. Be2 Ne4 12. O-O g5 13. Bh2 h5 14. Nxe4 Bxe4 15.
Nd2 Bf5 16. e4 Bg6 17. Re1 f5 18. exd5 exd5 19. Nf3 g4 20. Ne5 Nxe5 21. Bxe5
Rg8 22. Bf1 O-O-O 23. Qd2 Bd6 24. Re2 Bxe5 25. Rxe5 f4 26. hxg4 hxg4 27. Qxf4
Qxb2 28. Re7 Rd7 29. Rxd7 Kxd7 30. Qxg4+ Kd6 31. Re1 Qb5 32. Qe6+ 1-0